Anime Trivia - Statistics

General Stats
  • This quiz has been taken 113 times
  • The average score is 5 of 20
Answer Stats
Hint Answer % Correct
How old was Naruto at the start of Naruto Shippuden? 16
91%
How many students are there in Class 1A at UA High School? 20
71%
Who is the Mist Hashira? Muichiro Tokito
58%
What is the name of the pirate crew led by Trafalgar Law? Heart Pirates
43%
Which race did Ichigo Kurosaki’s mother belong to? Quincy
43%
Which year was the first Yu-Gi-Oh anime released? 1998
34%
Which Saiyan form only appeared in the non-canon series Dragon Ball GT? Super Saiyan 4
30%
What was the first stand shown in JoJo’s Bizzare Adventure? Magician’s Red
21%
After escaping from the world of Sword Art Online, which VRMMORPG did Kirito next enter? Gun Gale Online
19%
What is Ishigami Yuu’s role on the Shuchi’in Student Council? Treasurer
18%
Who became Ash Ketchum’s new companion in the Sinnoh region? Dawn
16%
The anime series Hetalia parodies which real life conflict? World War II
13%
Who was selected as the Archer in Fate/Zero’s Holy Grail War, despite never using a bow? Gilgamesh
10%
In Blue Lock, what is Isagi Yoichi’s ‘weapon’? Spatial awareness
10%
What Nen type does Killua Zoldyk primarily use? Transmuter
5%
What name was given to a famous sequence of 8 (nearly) identical episodes in The Melancholy of Haruhi Suzumiya? Endless Eight
4%
What is the name of the Mafia family led by Sawada Tsunayoshi? Vongola Family
4%
What would one receive for poor behaviour at Eden Academy? Tonitrus Bolt
3%
Which voice actress famously portrayed Pikachu, Chopper and Konohamaru among others? Otani Ikue
2%
What is the name of the ability that Okabe Rintarou believes himself to posess? Reading Steiner
2%
No matching quizzes found
Score Distribution
Percent of People with Each Score
Percentile by Number Answered
Your Score History
You have not taken this quiz